000 00617nam a22002057a 4500
005 20251108164821.0
008 250721s1986 xx 000 0 ara d
082 1 4 _a813.0962/يحي
100 1 _aحقي، يحيى
245 1 0 _aفجر القصة المصرية /
264 1 _aالقاهرة :
_bالهيئة المصرية العامة للكتاب،
_c1986.
300 _a141ص
490 0 _aالمكتبة الثقافية
650 1 7 _aالقصص العربية
650 1 7 _aالتاريخ الأدبي
650 1 7 _aالنقد الأدبي
650 1 7 _aمصر
942 _2ddc
_cBK
999 _c15083
_d15083